El oficio de sociólogo : presupuestos epistemológicos /

Guardat en:
Dades bibliogràfiques
Autor principal: Bourdieu, Pierre (autor)
Altres autors: Chamboredon, Jean-Claude (autor) (autor), Passeron, Jean-Claude (autor) (autor)
Format: Llibre
Idioma:espanyol
Publicat: México : Siglo XXI, 2011, c2008
Etiquetes: Afegir etiqueta
Sense etiquetes, Sigues el primer a etiquetar aquest registre!

MARC

LEADER 00000nam^a2200000^a^4500
001 000629423
005 20260320000000.0
009 20260407175347.556
020 |a 978-607-3-00017-8 
037 |a Acervo Xavier Clavigero 
041 |a ESP 
091 |a FHG. 01596 
100 |a Bourdieu, Pierre  |e (autor) 
245 1 3 |a El oficio de sociólogo :  |b presupuestos epistemológicos / 
264 4 |a México :  |b Siglo XXI,  |c 2011, c2008 
300 |a 423 p. 
336 |a texto  |b txt  |2 rdacontenido 
337 |a sin mediación  |b n  |2 rdamedio 
338 |a volumen  |b nc  |2 rdasoporte 
649 |a XX 
700 |a Chamboredon, Jean-Claude  |e (autor) 
700 |a Passeron, Jean-Claude  |e (autor) 
910 |a Fondo Humberto García Bedoy S.J. 
920 |a Impresos - Libros 
930 |a Fondos Especiales 
905 |a 148 
901 |a 629423-10  |b IT2  |c ESP  |i D  |u 20260320 
902 |a https://opac.biblio.iteso.mx/vufind/Record/000629423